书目信息 |
| 题名: |
理性出击:中国企业改革分析
|
|
| 作者: | 钱津 著 | |
| 分册: | ||
| 出版信息: | 北京 科学文献出版社 1999.09 |
|
| 页数: | 337页 | |
| 开本: | 32开 | |
| 丛书名: | ||
| 单 册: | ||
| 中图分类: | F279.21 | |
| 科图分类: | ||
| 主题词: | 企业经济 | |
| 电子资源: | ||
| ISBN: | 7-80149-175-0 | |
| 000 | 00565nam0 2200193 45 | |
| 001 | 0010211656 | |
| 005 | 20001021162607.9 | |
| 010 | @a7-80149-175-0@d20.00元 | |
| 100 | @a20001021d1999 km y0chiy0120 ea | |
| 101 | 0 | @achi |
| 105 | @a z 000yy | |
| 200 | 1 | @a理性出击:中国企业改革分析@ALi Xing Chu Ji:Zhong Guo Qi Ye Gai Ge Fen Xi@f钱津著@FQian Jin Zhu |
| 210 | @a北京@c科学文献出版社@d1999.09 | |
| 215 | @a337页@d32开 | |
| 606 | 0 | @a企业经济 |
| 690 | @aF279.21@v3 | |
| 701 | 0 | @a钱津@4著 |
| 801 | @aCN@bPftUser@c20001021 | |
| 905 | @b180773-777@dF279.21@eQ.477@f5 | |
| 理性出击:中国企业改革分析/钱津著.-北京:科学文献出版社,1999.09 |
| 337页;32开 |
| ISBN 7-80149-175-0:20.00元 |
| ● |
| 相关链接 |
|
|
|
正题名:理性出击:中国企业改革分析
索取号:F279.21/Q.477
 
预约/预借
| 序号 | 登录号 | 条形码 | 馆藏地/架位号 | 状态 | 备注 |
| 1 | 180773 | 201807731 | 社科库409/409社科库 97排4列3层/ [索取号:F279.21/Q.477] | 在馆 | |
| 2 | 180774 | 201807740 | 社科二线422/409社科库 97排4列3层/ [索取号:F279.21/Q.477] | 在馆 | |
| 3 | 180775 | 201807759 | 社科二线422/409社科库 97排4列3层/ [索取号:F279.21/Q.477] | 在馆 | |
| 4 | 180776 | 201807768 | 社科二线422/409社科库 97排4列3层/ [索取号:F279.21/Q.477] | 在馆 | |
| 5 | 180777 | 201807777 | 社科二线422/409社科库 97排4列3层/ [索取号:F279.21/Q.477] | 在馆 |